[Event "AUS-ch Minor"]
[Site "Cammeray"]
[Date "2011.01.07"]
[Round "6"]
[White "Yamini, Saleh"]
[Black "Schwandl, Hans"]
[Result "0-1"]
[WhiteElo "178"]
[BlackElo "1448"]
[PlyCount "42"]
[EventDate "2011.01.02"]
[EventType "swiss"]
[EventRounds "11"]
[EventCountry "AUS"]
[SourceTitle "EXT 2012"]
[Source "ChessBase"]
[SourceDate "2011.11.24"]
[SourceVersion "1"]
[SourceVersionDate "2011.11.24"]
[SourceQuality "1"]

1. d4 d5 2. c4 e6 3. Nc3 Nf6 4. Bg5 Be7 5. Nf3 0-0 6. Bxf6 Bxf6 7. cxd5 exd5 8. e4 dxe4 9. Nxe4 Re8 10. Bd3 Bf5 11. 0-0 Bxe4 12. Bxe4 Rxe4 13. d5 Na6 14. a3 b6 15. Ra2 Nc5 16. b4 Nb7 17. h4 Bxh4 18. Nxh4 Rxh4 19. g3 Rh6 20. Re1 Qd7 21. Re3 Qh3 0-1